Datum a čas kvízu
16
Celkem bodů
Celkový počet nahraných bodů na tomto kvízu bez doplňovacích otázek.
12.
Pořadí na kvízu
Konečné umístění týmu na tomto kvízu.
Zaznamenané odpovědi
| # | Otázka | Odpověď | Body | Výsledky |
|---|---|---|---|---|
| 1. | Který český politik a lékař če... | Bohuslav Svoboda | 1 | |
| 2. | Farmáři z australského Nového... | borůvka | 1 | |
| 3. | 14. března vstoupil do českých... | Monty Python a Svatý Grál | 0 | |
| 4. | Automobilka Škoda představila... | Epiq | 0 | |
| 5. | Ke kuriózní situaci došlo v zá... | Arsenal, Chelsea | 0 | |
| 6. | Téma začneme v Evropě. Seřaďte... | 1D 2B 3C 4A | 0 | |
| 7. | Vůdcem Kuby byl několik deseti... | Raúl | 0 | |
| 8. | Jak se jmenuje tento živočich... | fosa | 0 | |
| 9. | Jak se jmenuje nejlidnatější s... | Indonésie, Jakarta | 0 | |
| 10. | Jak se jmenuje ostrovní stát,... | Papua Nová Guinea | 0 |